Možnosti využitia simulácie pre zvyšovanie zisku kľúčových tovarov predajne : Diplomová práca

Salvato in:
Dettagli Bibliografici
Autore principale: Tittel, Michal (Autore)
Altri autori: Važan, Pavel (xxx)
Natura: Manoscritto Libro
Lingua:slovacco
Pubblicazione: Trnava : STU v Bratislave MtF KAIA, 2004
Soggetti:
Tags: Aggiungi Tag
Nessun Tag, puoi essere il primo ad aggiungerne!!

MARC

LEADER 00000ntm a22000003a 4500
001 stu89246
005 20160719154719.4
008 040727s2004----xo------------------slo-d
040 |a STU  |b slo 
041 0 |a slo 
044 |a xo 
100 1 |a Tittel, Michal  |4 aut 
245 1 |a Možnosti využitia simulácie pre zvyšovanie zisku kľúčových tovarov predajne :  |b Diplomová práca 
260 |a Trnava :  |b STU v Bratislave MtF KAIA,  |c 2004 
300 |a 73 s  |c príl (CD) 
650 7 |a aplikovaná informatika a automatizácia v priemysle  |2 stusub 
700 1 |a Važan, Pavel  |4 xxx 
996 |b 284M059926  |c M*DP-5200  |l MMSKP  |s P  |a 0  |w stu89246_0001